15 mots d'anglais #1 - Statistiques

Statistiques générales
  • Ce quiz a été pris 208 fois
    196 depuis la dernière actualisation
  • Le résultat moyen est 4 sur 15
Statistiques - réponses
Français Anglais % Correct
Lagune / Lagon Lagoon
64%
Epoux / Epouse Spouse
53%
Longueur Length
40%
Eternuement Sneeze
38%
Perruque Wig
38%
Rouler To roll
33%
Vaisseau (spatial) Spacecraft / Spaceship
28%
Aguille Needle
24%
Potiron Pumpkin
24%
Noeud / Lien Knot
17%
Poignée / Manche Handle
12%
Egout Sewer
10%
Chemise / Classeur Folder
6%
Corniche Cornice
3%
Décoration / Parure Adornment
1%
Aucun quiz correspondant
Distribution des résultats
% des personnes avec chaque résultat
Percentile par nombre de réponses
Votre historique - résultats
Vous n’avez pas pris ce quiz depuis la dernière actualisation